000 01131nam a22002775i 4500
001 176039
003 ES-MaACL
005 20250805062616.0
008 101213s1968 sp |||| | spa d
080 _a316
080 _a329.15
100 1 _aParsons, Talcott.
_989287
245 1 3 _aLa estructura de la acción social
_b: estudio de teoría social, con referencia a un grupo de recientes escritores europeos /
_cTalcott Parsons ; [lo tradujeron al castellano Juan José Caballero y José Castillo Castillo].
260 _aMadrid :
_bGuadarrama,
_cD. L. 1968.
300 _a2 v. ;
_c22 cm.
490 1 _aBiblioteca de ciencias humanas ;
_v6
500 _aÍndices.
504 _aBibliografía.
594 _aTít. original: The structure of social action : a study in Social Theory with special reference to a group of recent european writers.
650 0 7 _aSociología
_2embne
_917195
700 0 _aCaballero, Juan José.
_933087
700 0 _aCastillo Castillo, José.
_936731
830 0 _aBiblioteca de ciencias humanas ;
_v6
_9189910
852 _aES-MaACL
_jE-13775-76
_xOlim P-1350
999 _c176039
_d176039